| 000 -ლიდერი |
| ფიქსირებული სიგრძის საკონტროლო ველი |
01390nam a2200277Ia 4500 |
| 001 - საკონტროლო ნომერი |
| საკონტროლო ველი |
22942 |
| 003 - საკონტროლო ნომრის იდენტიფიკატორი |
| საკონტროლო ველი |
GE_BSU |
| 005 - ბოლო ოპერაციის თარიღი და დრო |
| საკონტროლო ველი |
20230607112247.0 |
| 008 - ფიქსირებული სიგრძის მონაცემთა ელემენტები - ზოგადი ინფორმაცია |
| ფიქსირებული სიგრძის საკონტროლო ველი |
181216s ||||ge |||||||||||||| ||geo|| |
| 040 ## - კატალოგიზაციის წყარო |
| Transcribing agency |
GE_BSU |
| 041 ## - ენის კოდი |
| Language code of text/sound track or separate title |
geo |
| 080 ## - უნივერსალური ათობითი კლასიფიკაციის ინდექსი |
| Universal Decimal Classification number |
821.353.1(092)(060.55) კ-49 |
| 100 ## - მთავარი ჩანაწერი - პიროვნების სახელი |
| Personal name |
კიკნაძე, გრიგოლ |
| 9 (RLIN) |
15204 |
| 245 ## - ცნობა სათაურის შესახებ |
| Title |
ვაჟა-ფშაველას შემოქმედება : [1861-1915] / |
| Statement of responsibility, etc |
გრიგოლ კიკნაძე ; რედ. დ. ლაშქარაძე ; მხატვ. შ.კუპრაშვილი. |
| 264 ## - წარმოების, გამოცემის, დისტრიბუციის და სხვა ცნობები |
| გამოცემის, წარმოების, დისტრიბუციის... ადგილი |
თბილისი : |
| გამოცემის, წარმოების, დისტრიბუციის... სახელწოდება |
სახელგამი, |
| გამოცემის, წარმოების, დისტრიბუციის... თარიღი |
1957. |
| 300 ## - ფიზიკური აღწერა |
| Extent |
321 გვ. : |
| Other physical details |
1ფოტო პორტ.; |
| Dimensions |
22სმ. |
| 504 ## - BIBLIOGRAPHY, ETC. NOTE |
| Bibliography, etc |
ბიბლიოგრ. გვ. 320 |
| 653 ## - INDEX TERM--UNCONTROLLED |
| Uncontrolled term |
ვაჟა-ფშაველას შემოქმედება : [1861-1915] |
| 653 ## - INDEX TERM--UNCONTROLLED |
| Uncontrolled term |
ლიტერატურათმცოდნეობა და კრიტიკა |
| 653 ## - INDEX TERM--UNCONTROLLED |
| Uncontrolled term |
მასალები ვაჟა-ფშაველას შემოქმედებაზე |
| 653 ## - INDEX TERM--UNCONTROLLED |
| Uncontrolled term |
ქართული ლიტერატურა |
| 700 ## - ADDED ENTRY--PERSONAL NAME |
| Personal name |
ლაშქარაძე, დ. |
| Relator term |
რედაქტორი |
| 9 (RLIN) |
14588 |
| 700 ## - ADDED ENTRY--PERSONAL NAME |
| Personal name |
კუპრაშვილი, შ. |
| Relator term |
მხატვარი |
| 9 (RLIN) |
6302 |
| 942 ## - ADDED ENTRY ELEMENTS (KOHA) |
| Koha item type |
წიგნი |
| Source of classification or shelving scheme |
|